000 00621nam1a22002291 4500
001 RU\NLR\INFOCOMM4\ROSSICA\1000409396
005 20240725025247.0
035 _a(NLR Aleph) 009902824
090 _a10579748
_c10579748
100 _a20030620d1862 |||y0rusy50 ba
101 0 _afre
102 _aRU
105 _ay ||||000ay
200 1 _aObservations de la grande nébuleuse d'Orion faites à Cazan et à Poulkova
210 _aSt.Pétersbourg
_d1862
215 _d
801 1 _aRU
_bInfoComm
_c20030620
801 0 _aRU
_bNLR
_gPSBO
852 _aNLR
_j13.11.2.30
942 _cBOOK
980 _aRossica